| 000 | 01042nam a22002297a 4500 | ||
|---|---|---|---|
| 005 | 20111102142633.0 | ||
| 008 | 111102t xxu||||| |||| 00| 0 mar d | ||
| 010 | _aMAR-21500 | ||
| 020 | _c150.00 | ||
| 035 | _aMR-14158 | ||
| 037 | _bDBAD / PUB | ||
| 040 |
_aDPL _bMR |
||
| 082 | _a891.463 | ||
| 100 |
_aगवई,सचिन _935655 |
||
| 245 |
_aकांता / _cसचिन गवई |
||
| 246 |
_aKanta _bby Sachin Gavai |
||
| 260 |
_aकोल्हापूर _bरावा प्रकाशन _c2010 |
||
| 270 |
_aअभिनंदन बुक डेपो,1495,'बी' इंदुमती अपार्टमेंट,गुलाब गल्ली,मंगलवार पेठ, _bकोल्हापूर _e416012 |
||
| 300 |
_a152पृ _b18सेमी(अजिल्द) |
||
| 942 |
_2ddc _cMR _h891.463 _mगवई |
||
| 999 |
_c57989 _d57989 |
||